[Event "Marienbad GM-I 2022"]
[Site "Marianske Lazne"]
[Date "2022.01.20"]
[Round "7.2"]
[White "Gungl, Theo"]
[Black "Simacek, Pavel"]
[Result "0-1"]
[WhiteElo "2368"]
[BlackElo "2448"]
[Annotator "TA"]
[PlyCount "80"]
[EventDate "2022.01.15"]
[EventType "tourn"]
[EventCountry "CZE"]
[SourceTitle "playchess.com"]
[Source "ChessBase"]
[SourceQuality "1"]

{[%evp 16,80,0,0,0,0,0,30,0,12,57,23,73,14,37,0,0,0,0,-7,0,-5,0,0,0,0,125,126,125,125,127,126,126,111,143,110,97,-210,-212,-212,-205,-202,-195,-190,-120,-274,-235,-225,-223,-295,-302,-302,-256,-260,-258,-310,-305,-320,-232,-231,-151,-29994,-29995,-29995,-29996,-29996,-623]} 1. d4 d5 2. c4 e6 3. Nc3 c6 4. e4 dxe4 5. Nxe4 Bb4+ 6. Bd2 Qxd4 7. Bxb4 Qxe4+ 8. Be2 Na6 9. Ba5 {[%csl Ga5][%cal Rd1d8]} b6 {D31: Queen's Gambit Declined: Semi-Slav without ...Nf6 (+ Marshall Gambit and Noteboom) and Exchange Variation lines without ...Nf6.} 10. Qd6 {[%cal Oe1c1]} Bd7 (10... Ne7 $2 11. O-O-O $1 O-O 12. Qxe7 $18) 11. Bc3 f6 {White has an edge.} 12. Nf3 {aiming for Rd1.} Ne7 (12... Rd8 $11) 13. O-O-O $14 {Strongly threatening Rhe1.} ({Of course not} 13. Rd1 Rd8 $15) 13... Qxe2 (13... Nc5 $11 14. Rhe1 a5) 14. Qxd7+ $16 Kf7 {[%cal Oh8d8]} 15. Qd4 {Inhibits Rhd8.} Rhd8 $1 16. Qg4 Kf8 17. Rde1 $40 {[%mdl 128] White is up to no good.} Qd3 {[#]} 18. Qxe6 $146 ({Predecessor:} 18. Nd4 Rxd4 19. Qxd4 Nb4 20. Qxd3 Nxd3+ 21. Kc2 Nxe1+ 22. Rxe1 e5 23. b4 Rd8 24. a4 {½-½ (48) Volkov,S (2623)-Frolyanov,D (2544) Moscow 2008}) 18... Qd7 19. Nd4 {[%cal Oe6e7]} c5 20. Nb5 Nc7 (20... Nc6 $11 {remains equal.}) 21. Nxc7 Qxc7 {[#]} 22. Bxf6 $1 {[%mdl 512]} Re8 {White must now prevent ...Qf4+.} 23. Be5 {Inhibits Qf4+.} Qc8 24. Qd6 {[%cal Oe5g7] Hoping for Bxg7+!} Qg4 25. Re3 Rad8 {[#]} 26. Bxg7+ $1 {[%mdl 8192]} Qxg7 $19 {Dancing on a razor blade.} 27. Qe6 {Intending Rf3+ and mate.} Qg5 (27... Qxg2 $2 28. Qf6+ Kg8 29. Rg3+ Qxg3 30. Qe6+ Kg7 31. hxg3 $18) 28. h4 Qf4 {[%cal Oe7d5] And now ...Nd5! would win.} (28... Qxg2 $2 29. Qf6+ Kg8 30. Rg3+ Qxg3 31. fxg3 $18) 29. g3 {[#]} Qd6 (29... Qf7 $1 $19 {...Nf5 is the strong threat.} 30. Qxf7+ Kxf7) 30. Qg4 $2 {Inhibits Nf5.} (30. Rf3+ $17 Kg7 31. Qf7+ Kh8 32. Re3) 30... Ng6 31. Rxe8+ Rxe8 ({And not} 31... Kxe8 32. Re1+ Kf7 33. Qe2) 32. h5 Ne5 33. Qf5+ Kg8 {Threatens to win with ...Nd3+.} 34. Rd1 Qe6 35. Qg5+ Kh8 36. b3 Nf7 {To avoid h6} 37. Qf4 Qe5 38. Qxf7 $2 (38. Qxe5+ $17 Nxe5 39. Rd5) 38... Qa1+ {Black mates.} 39. Kd2 {[#]} Qb2+ $1 40. Kd3 Qd4+ {Weighted Error Value: White=0.37/Black=0.26 (precise)} 0-1

[Event "Marienbad GM-I 2022"]
[Site "Marianske Lazne"]
[Date "2022.01.20"]
[Round "7.3"]
[White "Lim, Zhuo Ren"]
[Black "Baenziger, Fabian"]
[Result "1/2-1/2"]
[WhiteElo "2311"]
[BlackElo "2409"]
[Annotator "TA"]
[PlyCount "46"]
[EventDate "2022.01.15"]
[EventType "tourn"]
[EventCountry "CZE"]
[SourceTitle "playchess.com"]
[Source "ChessBase"]
[SourceQuality "1"]

{[%evp 9,46,0,24,0,0,0,0,0,0,-18,0,-25,-10,-39,-37,-25,-17,-62,-34,-37,-41,-47,-48,-45,-39,-42,-60,-55,-36,-55,-43,-85,-79,-80,-42,-71,-59,-55,-6]} 1. d4 d5 2. c4 c6 3. Nf3 Nf6 4. g3 Bg4 5. Ne5 Bf5 6. Bg2 {D11: Slav Defence: 3 Nf3 sidelines and 3...Nf6 4 e3 Bg4.} e6 7. O-O Nbd7 8. Nxd7 {The position is equal.} Qxd7 ({Don't play} 8... Kxd7 9. Nc3 $14) 9. Nc3 Be7 10. Qb3 O-O 11. Bf4 Rac8 12. a4 {[#]} Bg6 $146 ({Predecessor:} 12... a5 13. Rad1 h6 14. Rfe1 Bb4 15. c5 b6 16. cxb6 Qb7 17. Rc1 Qxb6 18. e3 Qa7 {0-1 (39) Galliamova,A (2472)-Kraemer,M (2546) Barcelona 2014}) 13. Bh3 (13. a5 $1 $11) 13... Rfd8 14. c5 Nh5 {[%cal Ob7b6]} 15. Bd2 b6 16. cxb6 axb6 17. a5 ({Wrong is} 17. Qxb6 $2 Rb8 18. a5 Rxb6 $19) 17... bxa5 18. Rxa5 c5 19. Rfa1 Nf6 ({Reject} 19... cxd4 20. Nxd5 $1 Bc5 21. Bb4 $1 Bxb4 22. Qxb4 $11) 20. Ra7 {[#]} (20. Nb5 $15) 20... Qe8 $1 $17 21. Be3 Bf8 {White must now prevent ...Rb8.} 22. Rb7 cxd4 23. Bxd4 Rc4 {Weighted Error Value: White=0.14 (very precise) /Black=0.08 (flawless)} (23... Nd7 $15) 1/2-1/2

[Event "Marienbad GM-I 2022"]
[Site "Marianske Lazne"]
[Date "2022.01.20"]
[Round "7.4"]
[White "Plat, Vojtech"]
[Black "Stalmach, Richard"]
[Result "1-0"]
[WhiteElo "2546"]
[BlackElo "2301"]
[Annotator "TA"]
[PlyCount "161"]
[EventDate "2022.01.15"]
[EventType "tourn"]
[EventCountry "CZE"]
[SourceTitle "playchess.com"]
[Source "ChessBase"]
[SourceQuality "1"]

{[%evp 24,161,16,20,26,16,4,0,0,0,5,-33,-29,-30,-29,-35,-24,-62,44,49,88,91,89,94,125,139,126,137,152,85,85,30,31,22,62,34,104,100,107,106,71,67,93,60,131,117,117,121,122,0,0,0,0,0,0,0,0,0,0,0,47,0,0,0,0,0,0,0,0,0,0,0,0,0,0,0,7,7,8,0,0,0,7,8,8,0,10,10,10,10,54,54,114,114,121,121,121,114,114,121,111,104,108,30,30,30,131,131,131,131,124,112,206,206,343,339,291,204,204,131,5688,536,29970,29971,29970,29972,29975,29972,29972,29973,29982,29983,29983,29984,29984,29985,29990,29983,29983,29984]} 1. d4 Nf6 2. Nf3 d5 3. e3 c6 4. c4 e6 5. Nbd2 Nbd7 6. Bd3 Bd6 7. O-O O-O 8. e4 e5 9. exd5 cxd5 10. cxd5 exd4 11. Ne4 Nxe4 12. Bxe4 Nf6 13. Bg5 Be7 {D30: Queen's Gambit Declined: Systems without Nc3.} 14. Bxf6 Bxf6 15. Qd3 g6 {The position is equal.} 16. Nxd4 Qb6 {[#]} 17. Nb5 $146 {[%cal Bd4b5,Bb5a3,Ba3c4][%mdl 32]} ({Predecessor:} 17. Rfd1 Qxb2 18. Rab1 Qxd4 19. Qxd4 Bxd4 20. Rxd4 Rd8 21. f3 Kf8 22. d6 Rb8 23. Rc1 {½-½ (44) Kozul,Z (2589)-Martinovic,S (2555) Bjelovar 2019}) 17... Bd7 {[%mdl 1024] Black has compensation.} 18. Na3 Rac8 (18... Bxb2 19. Rab1 Qf6 20. Nc4 $11) 19. Rab1 Rfe8 20. d6 Bd4 (20... Bxb2 21. Nc4 Qd4 22. Rxb2 $11) (20... Qb4 $15 21. Bd5 Rc5) 21. Rbd1 $1 $14 Bxb2 {Threatens to win with ...Rc3.} 22. Nc4 Qb4 23. Bd5 b5 24. Nxb2 Qxb2 25. Qf3 $1 Qg7 26. Bb3 (26. h3 $142) 26... a5 $16 27. Qb7 (27. h4 $1 $16) 27... Rcd8 $1 $11 28. h3 Qf6 29. Bd5 (29. Rd3 $5 {[%cal Rd3f3]}) 29... Re5 (29... Kg7 $14) 30. Qc7 $36 {[%mdl 2048] White has strong initiative.} Be6 31. Bxe6 Rxe6 32. d7 Qe7 $1 33. Rd5 b4 (33... Kg7 $14) 34. Rfd1 a4 35. Rb5 {Hoping for Rb8.} Kg7 36. Kf1 {Inhibits Re1+. White is much more active.} (36. Rxb4 $6 Re1+ 37. Rxe1 Qxe1+ 38. Kh2 Qxb4 $11) ({White has to play} 36. Kh2 $1 $16 {Strongly threatening Rb8.} Qf8 37. Qf4) 36... Rxd7 $1 $11 37. Qxd7 Re1+ 38. Rxe1 Qxd7 39. Rxb4 {[%mdl 4096] Endgame KQ-KRR} Qd3+ 40. Kg1 Qd2 {[%csl LRa2,LRb4,LRe1]} 41. Rbb1 a3 ({Don't play} 41... Qxa2 42. Ra1 Qc4 43. Ra3 $14) (41... g5 $11) 42. Ra1 (42. Re3 $1 $14) 42... Qb2 43. h4 h5 44. g3 Kh7 45. Reb1 Qf6 46. Rc1 Qb2 47. Re1 Kg7 48. Kf1 Kf6 49. Kg2 Qb7+ 50. Kg1 Qb2 51. Reb1 Qd4 52. Re1 Qb2 53. Rab1 Qxa2 54. Rb6+ Kf5 55. Rb5+ Kf6 56. Ra5 Qd2 (56... g5 $11) 57. Ra6+ $14 Kf5 (57... Kg7 $14 58. Ra1 f5) 58. Re3 $16 g5 (58... a2 $2 59. Rea3 $18) 59. Rexa3 (59. Raxa3 $6 gxh4 60. gxh4 Qd4 $11) 59... gxh4 60. R3a5+ ({Much weaker is} 60. gxh4 $6 Qe1+ 61. Kg2 Qe4+ 62. f3 Qe2+ 63. Kg3 Qe1+ 64. Kg2 Qe2+ 65. Kg3 Qe1+ 66. Kg2 Qe2+ $11) 60... Kg4 {( -> ...Qe1+)} 61. Ra4+ Kg5 62. gxh4+ Kf5 63. Rc4 ({Better is} 63. R6a5+ $16 Ke6 64. Kg2) 63... Qd5 64. Rac6 {Intending R4c5 and mate.} Qd1+ (64... Qf3 $11) 65. Kg2 Qd5+ 66. Kg3 {White wants to mate with R4c5. The board is on fire.} Qe5+ {[#]} 67. Kh3 $1 {Threatening mate with R4c5.} Qe2 (67... Qb2 $16) 68. Kg2 Qd2 (68... f6 {was necessary.} 69. R6c5+ Kg6) 69. R6c5+ $18 Ke6 70. Re4+ Kf6 71. Rxh5 {Black must now prevent Rc5.} Qc3 $2 {[%mdl 8192] [#] Prevents Rc5. Loses the game.} (71... Qc1 $16 72. Rd5 Qc6) 72. Rf4+ $1 Kg6 73. Rg5+ {White mates.} Kh6 74. Rgf5 ({Stronger than} 74. Rxf7 Qh3+ 75. Kg1 Qh1+ 76. Kxh1 $11) 74... Qc6+ 75. Kh2 Qc2 76. Rxf7 Qd2 77. R4f6+ Kh5 78. Rh7+ Kg4 79. Rg7+ Kxh4 80. Rg3 Kh5 81. Rf8 {Weighted Error Value: White=0.10 (very precise) /Black=0.14 (very precise)} 1-0

[Event "Marienbad GM-I 2022"]
[Site "Marianske Lazne"]
[Date "2022.01.20"]
[Round "7.5"]
[White "Nemec, Jachym"]
[Black "Mirzoev, Azer"]
[Result "0-1"]
[WhiteElo "2402"]
[BlackElo "2420"]
[Annotator "TA"]
[PlyCount "108"]
[EventDate "2022.01.15"]
[EventType "tourn"]
[EventCountry "CZE"]
[SourceTitle "playchess.com"]
[Source "ChessBase"]
[SourceQuality "1"]

{[%evp 13,108,9,11,-16,-2,-12,-10,-8,-6,-10,-5,-6,0,0,9,-22,-12,-64,-68,-64,-54,-59,-18,-35,-15,-33,-14,-22,-19,-18,0,0,0,-14,-12,-15,0,0,0,-14,0,-137,-124,-147,-135,-127,-121,-150,-166,-131,-118,-112,-98,-284,-284,-279,-273,-274,-281,-283,-282,-300,-270,-408,-408,-569,-566,-708,-452,-1316,-445,-445,-445,-481,-440,-440,-440,-440,-432,-466,-458,-917,-917,-907,-865,-760,-556,-695,-688,-678,-662,-1529,-1529,-1529,-1529,-1047,-772]} 1. d4 d5 2. c4 c6 3. Nf3 Nf6 4. Qc2 g6 5. Bf4 Bg7 6. e3 O-O 7. Nc3 Be6 8. c5 {D93: Grünfeld: 4 Nf3 Bg7 5 Bf4 0-0 6 e3.} Bf5 9. Bd3 Bxd3 10. Qxd3 {[#] The position is equal.} b6 $146 ({Predecessor:} 10... Nbd7 11. O-O-O Ng4 12. Qe2 Qa5 13. Ng5 Ngf6 14. h4 Nh5 15. g4 Nxf4 16. exf4 h6 17. Ne6 Rfe8 18. Nxg7 Kxg7 {1-0 (27) Pigulla,D-Dernbecher,K freechess.de 2018}) 11. cxb6 axb6 12. O-O Na6 13. Ne5 c5 14. dxc5 bxc5 15. Rfd1 (15. Qb5 $11) 15... e6 $1 $15 16. h3 Qb6 (16... Nb4 {with more complications.} 17. Qb5 Ra5 18. Qb7 Qa8 19. Qxa8 Rfxa8 20. a3 d4) 17. Qe2 Qb7 (17... Nb8 $15) 18. Rac1 Rfc8 19. b3 {Inhibits c4.} Nb4 20. a4 $1 h5 21. Nb5 {Threatens to win with Nd6.} Qa6 {To avoid Nd6} 22. Bh2 Ne4 23. Nd7 Qb7 24. Ne5 Qe7 {[%cal Oc5c4]} 25. f3 Nf6 26. Bg3 Ne8 27. Nd3 {[#]} (27. Qe1 $11 {remains equal.}) 27... c4 $1 $17 28. bxc4 dxc4 {[%cal Bd5c4,Bc4c3,Bc3c2][%mdl 32]} 29. Ne1 c3 (29... Rxa4 30. Rxc4 Rca8 31. Nc2 $15) 30. Nd6 Rd8 {[%cal Re8d6]} 31. Nb5 Qc5 {And now ...Rxd1 would win.} ({Don't play} 31... Rxa4 $6 32. Rxd8 Qxd8 33. Nxc3 $11) 32. Bf2 Rxd1 {Black is much more active.} 33. Rxd1 {This costs White the game.} (33. Qxd1 $17 Qc4 34. Nc2) 33... c2 $19 ({Wrong is} 33... Rxa4 $2 34. e4 Qc6 35. Nd4 Bxd4 36. Bxd4 $19) 34. Rc1 {[%cal Re1c2] [#]} Bb2 $1 ({And not} 34... Rxa4 35. Nd4 $17) 35. e4 Qc8 36. Rxc2 Nxc2 37. Nxc2 Rxa4 38. Qd2 (38. Ne1 {keeps fighting.} Be5 39. Qc2 Qxc2 40. Nxc2) 38... Be5 39. Nbd4 Ra2 {Strongly threatening ...Bxd4. Black is clearly winning.} 40. Qd3 Nd6 41. g3 (41. Ne1 $142) 41... Qc4 (41... Bxd4 $142 42. Bxd4 Rxc2) 42. Qxc4 Nxc4 43. Kf1 Na3 44. Nxa3 Rxa3 {[%mdl 4096] Endgame KRB-KBN} 45. Nc6 Bd6 46. Kg2 Ra6 47. Nd4 (47. e5 $142) 47... Ra2 48. Nb3 Rb2 49. Nc1 Bc7 {...Rc2 is the strong threat.} 50. g4 Bb6 51. Nd3 Rd2 52. Kg3 h4+ 53. Kg2 g5 54. e5 Kh7 {Weighted Error Value: White=0.55/Black=0.21 (precise)} 0-1

[Event "Marienbad GM-I 2022"]
[Site "Marianske Lazne"]
[Date "2022.01.21"]
[Round "8.1"]
[White "Noe, Christopher"]
[Black "Mirzoev, Azer"]
[Result "0-1"]
[WhiteElo "2529"]
[BlackElo "2420"]
[Annotator "TA"]
[PlyCount "58"]
[EventDate "2022.01.15"]
[EventType "tourn"]
[EventCountry "CZE"]
[SourceTitle "playchess.com"]
[Source "ChessBase"]
[SourceQuality "1"]

{[%evp 17,58,-4,27,19,22,20,30,27,25,26,29,9,31,26,36,25,25,15,8,10,14,8,25,19,39,29,31,9,13,4,16,3,19,0,2,1,6,-359,-358,-419,-410,-552,-477]} 1. Nf3 d5 2. e3 Nf6 3. c4 e6 4. Nc3 Be7 5. d4 O-O 6. b3 b6 7. Bd3 Bb7 8. O-O c5 $1 {[%mdl 4] now scores much better than the old 8...Nbd7.} 9. Bb2 {9.cxd5 is vanishing.} Nc6 10. cxd5 {is the legacy move (10.Qe2). E14: Queen's Indian: Classical Variation (4 e3).} Nxd5 11. Qb1 {[#]} Nf6 $146 {[%cal Rc5d4]} ({Predecessor:} 11... g6 12. dxc5 Nxc3 13. Bxc3 bxc5 14. Rd1 Qb6 15. Nd2 Rad8 16. Nc4 Qc7 17. a3 Rd7 {1-0 (35) Jones,B (2273)-Elliston,R (2105) ICCF email 2016}) 12. dxc5 {White has an edge.} Bxc5 13. Rd1 {aiming for Ng5.} Qe7 14. Ng5 {[%cal Rd3h7]} h6 15. Nge4 Nxe4 16. Nxe4 Rfd8 17. Nxc5 Qxc5 18. Bh7+ {A strong pair of Bishops.} Kh8 {[#] ...Rxd1+ is the strong threat.} 19. Be4 Qe7 20. Qc2 Na5 21. Rxd8+ Rxd8 {[%cal Ba8d8,Bd8d2,Bd2b2][%mdl 32]} 22. Rc1 $40 {[%cal Oc2c3][%mdl 128] Black needs to defend precisely.} (22. Bd3 {seems wilder.} Qd6 23. Bf1 Nc6 24. Rc1 Nb4 25. Qc4) 22... Bxe4 23. Qxe4 Nb7 24. g3 f6 25. Qc6 e5 26. Qa4 Rd2 27. Qxa7 $2 {[%mdl 8192]} Rxb2 $19 28. Qb8+ {[#]} Kh7 $1 29. b4 Qd7 {Weighted Error Value: White=0.50/Black=0.08 (flawless)} 0-1

[Event "Marienbad GM-I 2022"]
[Site "Marianske Lazne"]
[Date "2022.01.21"]
[Round "8.2"]
[White "Stalmach, Richard"]
[Black "Nemec, Jachym"]
[Result "0-1"]
[WhiteElo "2301"]
[BlackElo "2402"]
[Annotator "TA"]
[PlyCount "78"]
[EventDate "2022.01.15"]
[EventType "tourn"]
[EventCountry "CZE"]
[SourceTitle "playchess.com"]
[Source "ChessBase"]
[SourceQuality "1"]

{[%evp 18,78,56,52,64,-47,-45,-93,-92,-93,-88,-118,-83,-214,-217,-211,-203,-327,-333,-344,-349,-656,-565,-558,-518,-541,-471,-461,-375,-363,-362,-362,-365,-341,-282,-353,-260,-269,-266,-364,-336,-454,-435,-434,-401,-671,-633,-1351,-1329,-1252,-1238,-1004,-808,-2122,-2933,-2637,-2708,-1709,-1199,-1112,-988,-29979,-1067]} 1. d4 Nf6 2. c4 g6 3. Nf3 Bg7 4. Nc3 d5 5. Qb3 dxc4 6. Qxc4 O-O 7. e4 Bg4 8. Be2 Nc6 9. d5 Bxf3 10. gxf3 Na5 {D98: Grünfeld: Russian System: 7 e4 Bg4 .} 11. Qb4 (11. Qd3 $1 $14) 11... c6 $15 {[%cal Rc6d5]} 12. dxc6 (12. Bg5 $15) 12... Nxc6 $17 {Black is better.} 13. Qxb7 Nd4 {And now ...Nc2+ would win.} 14. Bd1 {[#] Prevents Nc2+.} Qd6 $146 ({Predecessor:} 14... Qa5 15. O-O Qh5 16. Kg2 Qh4 17. Qxe7 Rfe8 18. Qa3 Re5 19. f4 Nc2 20. Qa4 Rh5 21. Bxh5 Nxh5 22. Qxc2 Qg4+ {½-½ (22) Giorgadze,G-Dunne,A (2220) Philadelphia 1991}) 15. Nd5 (15. f4 $17 Rfb8 16. e5 Rxb7 17. exd6) 15... Nxd5 $19 16. Qxd5 Qa6 17. Be3 (17. e5 {only move.} Rad8 18. Qc5) 17... Rfd8 18. Qg5 h6 19. Qg3 {[#]} (19. Qc5 Rac8 20. Qa3 (20. Qxe7 $2 Bf8 $19) 20... Nxf3+ 21. Bxf3 Qxa3 22. bxa3 Bxa1 23. O-O) 19... Nc2+ $1 {[%mdl 512]} 20. Bxc2 Bxb2 21. Rd1 {[#] aiming for Qc7.} Bc3+ $1 22. Rd2 (22. Bd2 Rxd2 23. Rxd2 Rd8) 22... Bxd2+ 23. Bxd2 Qxa2 24. Bxh6 {[%cal Og3e5]} Qxc2 {[%csl Gc2][%cal Rd8d1]} ({Worse is} 24... Qa1+ 25. Ke2 Qa6+ 26. Ke1 $17) 25. O-O {Hoping for Qe5.} Qb2 {Inhibits Qe5.} 26. Bf4 Qg7 27. Be5 Qh6 {...a5 is the strong threat.} 28. f4 a5 29. Ra1 Qh5 30. Kg2 Qe2 {White must now prevent ...Rd3.} 31. Qh3 (31. Qe3 $142 Qxe3 32. fxe3) 31... Qxe4+ ({Weaker is} 31... f6 32. Qe6+ Kf8 33. Bxf6 exf6 34. Qxf6+ Kg8 35. Qxg6+ Kh8 36. Qh6+ Kg8 37. Qg6+ Kh8 38. Qh6+ Kg8 39. Qg6+ $11) 32. f3 {[%csl Ge5][%cal Rh3h8]} Qe2+ 33. Kg3 f6 34. Qh6 Qc2 {Threatens to win with ...Rd2.} 35. Re1 Rd2 {( -> ...Rg2+)} 36. Qh3 {Prevents Rg2+.} fxe5 37. Rxe5 Ra7 38. Rb5 Rad7 {Strongly threatening ...Rd1.} 39. Rb6 R2d6 {White did not feel at home in the position after the opening.  Weighted Error Value: White=0.93/Black=0.19 (very precise)} ({Resist} 39... Qc5 40. Rxg6+ Kf8 41. Qh8+ Kf7 42. Qg8#) (39... Rd1 $142 40. Rb8+ Rd8 41. Rxd8+ Rxd8 42. Qe6+ Kf8 43. Qg4 Rd2 44. Qh3 Rd1 45. Qh8+ Kf7 46. Qh7+ Ke6 47. Qh3+ Kd6 48. Qg2 Qxg2+ 49. Kxg2 Rd2+ 50. Kh3 a4 51. f5 gxf5 52. Kg3 a3 53. Kf4 a2 54. Ke3 Rxh2 55. Kd4 a1=Q+ 56. Kc4 Qa4+ 57. Kc3 Kc5 58. Kd3 Qd4#) 0-1

[Event "Marienbad GM-I 2022"]
[Site "Marianske Lazne"]
[Date "2022.01.21"]
[Round "8.3"]
[White "Baenziger, Fabian"]
[Black "Plat, Vojtech"]
[Result "1-0"]
[WhiteElo "2409"]
[BlackElo "2546"]
[Annotator "TA"]
[PlyCount "81"]
[EventDate "2022.01.15"]
[EventType "tourn"]
[EventCountry "CZE"]
[SourceTitle "playchess.com"]
[Source "ChessBase"]
[SourceQuality "1"]

{[%evp 24,81,35,41,57,49,47,43,53,42,91,87,85,87,89,83,91,56,62,62,67,67,67,64,70,72,72,72,72,61,90,90,92,83,182,122,111,115,120,134,104,117,277,271,343,341,576,522,558,558,555,555,619,595,834,828,955,940,29990,29991]} 1. d4 g6 2. c4 Nf6 3. Nc3 d5 4. Nf3 Bg7 5. Bg5 Ne4 6. Bf4 Nxc3 7. bxc3 c5 8. e3 Nc6 9. cxd5 Qxd5 10. Be2 cxd4 11. cxd4 O-O 12. O-O Qa5 13. Nd2 {[#]} Be6 $146 {D80: Grünfeld: Unusual White 4th moves and 4 Bg5.} ({Predecessor:} 13... Rd8 14. Nc4 Qd5 15. Bc7 Re8 16. Rc1 Bf5 17. Bf3 Be4 18. Bxe4 Qxe4 19. Qb3 Nd8 20. Nd2 Qe6 21. Qb5 Kf8 22. d5 a6 23. Qxe8+ {1-0 (23) Kekelidze,M (2487)-Haessel,D (2243) Edmonton 2010}) 14. Nb3 Bxb3 15. Qxb3 Qd2 {White is slightly better.} 16. Qd1 ({But not} 16. Qxb7 Nxd4 $1 17. exd4 Qxf4 $15) 16... Qxd1 (16... Qa5 $1 $14) 17. Rfxd1 $16 ({Much weaker is} 17. Bxd1 $6 e5 18. dxe5 Bxe5 19. Bxe5 Nxe5 $11) 17... e5 18. dxe5 Nxe5 19. Rab1 b6 20. e4 Rac8 21. Rbc1 h6 22. Be3 {This bishop pair is nice.} g5 23. g3 $36 {[%mdl 2048] White has the initiative.} g4 $1 24. Kg2 h5 25. h3 Rfe8 26. hxg4 Nxg4 27. Bf4 Rxc1 28. Rxc1 Be5 {[#] Prevents Rc7.} (28... Bb2 $16) 29. Bxe5 ({Better is} 29. f3 $1 $18 {[%cal Rf3g4]}) 29... Rxe5 $18 {[%mdl 4096] Endgame KRB-KRN} 30. f3 Nh6 31. Rc7 Ra5 32. Bc4 {Bb3 is the strong threat.} Kf8 $2 {Loses the game.} (32... Rc5 $16 {is a better defense.} 33. Rxc5 bxc5) 33. Bb3 Ra3 34. Kh3 a5 $2 (34... a6 35. Ra7 Ra5) 35. Kh4 a4 36. Ra7 b5 37. f4 Ng4 38. e5 Ne3 39. Bxf7 Nf5+ 40. Kg5 {White threatens Kf6 and mate.} Nxg3 41. Bg6 {Weighted Error Value: White=0.04 (flawless) /Black=0.48} 1-0

[Event "Marienbad GM-I 2022"]
[Site "Marianske Lazne"]
[Date "2022.01.21"]
[Round "8.4"]
[White "Simacek, Pavel"]
[Black "Lim, Zhuo Ren"]
[Result "1-0"]
[WhiteElo "2448"]
[BlackElo "2311"]
[Annotator "TA"]
[PlyCount "79"]
[EventDate "2022.01.15"]
[EventType "tourn"]
[EventCountry "CZE"]
[SourceTitle "playchess.com"]
[Source "ChessBase"]
[SourceQuality "1"]

{[%evp 11,79,2,16,16,28,20,20,18,27,20,26,20,29,11,29,0,0,0,0,0,14,0,0,0,14,0,0,0,8,12,0,6,39,38,51,24,117,110,176,172,172,187,181,177,186,190,172,176,177,175,210,165,240,122,122,117,103,103,122,122,132,122,119,129,133,103,1756,31,1618,1618]} 1. e4 c5 2. Nf3 d6 3. d4 cxd4 4. Qxd4 Nc6 5. Bb5 Bd7 6. Qd3 Nf6 7. c4 {B53: Sicilian: 2...d6: Lines with Qxd4.} e6 8. Nc3 a6 9. Bxc6 {The position is equal.} Bxc6 10. O-O Be7 11. Bf4 O-O {[%cal Ob7b5]} 12. Rfd1 {[%cal Rf4d6]} Qa5 13. a3 Rfd8 {[#]} 14. b4 $146 ({Predecessor:} 14. Be3 Ng4 15. b4 Qh5 16. Bb6 Rdc8 17. b5 Be8 18. a4 Nf6 19. Be3 Nd7 20. Bf4 {1-0 (66) Fernandez,D (2465)-Preotu,R (2524) Chess.com INT 2019}) 14... Qh5 15. h3 Qg6 {[%cal Rf6e4]} 16. Nh4 Qh5 17. Nf3 Qg6 {[%cal Rf6e4]} 18. Re1 Nh5 19. Bh2 Bf6 {[%cal Od6d5]} 20. Rad1 Bxc3 21. Qxc3 Bxe4 22. Bxd6 Bc6 23. g4 {Hoping for Ne5.} f6 {Prevents Ne5.} (23... Qf6 $11 24. Ne5 Nf4) 24. Qe3 $36 {[%mdl 2048] Keeping Black busy. White is more active.} e5 (24... Bxf3 $16 25. Qxf3 e5) 25. Nh4 $18 Qg5 26. Qxg5 fxg5 27. Nf5 (27. gxh5 $6 gxh4 28. Rxe5 (28. Bxe5 Bf3 $11) 28... Re8 $16) (27. Bxe5 Rxd1 28. Rxd1 Re8 29. gxh5 Rxe5 $11) 27... Nf4 28. Ne7+ (28. Rxe5 Bf3 29. Re7 Kh8) (28. Bxe5 $6 Rxd1 29. Rxd1 Nxh3+ 30. Kf1 Re8 31. Bxg7 Nf4 $14) 28... Kf7 {[%cal Od8d6] Strongly threatening ...Rxd6!} 29. Nxc6 (29. Rxe5 Bf3 30. Rd2 (30. Rf5+ Ke6 $11) 30... Nxh3+ 31. Kh2 Bxg4 $11) 29... bxc6 30. Rxe5 ({But not} 30. Bxe5 Rxd1 31. Rxd1 Nxh3+ 32. Kg2 Re8) 30... Nxh3+ 31. Kf1 Rd7 {[#]} (31... Nf4 {was necessary.} 32. Rc5 (32. Rxg5 Nd5 $16) 32... Rac8) 32. c5 (32. Rc5 $1 $18) 32... Re8 $16 33. Rde1 Rxe5 34. Rxe5 {[%mdl 4096] Endgame KRB-KRN} g6 {[#]} 35. Re4 $1 {To avoid Nf4} h5 36. Kg2 hxg4 37. Kg3 Kf6 38. Re8 {[%mdl 1024] White has strong compensation.} Rf7 $2 {[%mdl 8192]} (38... Rh7 $16 39. Rc8 Kf5 40. Rf8+ (40. Rxc6 Nf4 $15) 40... Ke4 41. Kxg4 Rh4+ 42. Kg3 Kd5) 39. Be5+ $18 Kf5 40. Bh8 {Weighted Error Value: White=0.09 (flawless) /Black=0.18 (very precise)} 1-0